Statistics for SAS Scandinavian Airlines destinations

Click here to take the quiz!

General Stats

  • This quiz has been taken 1,302 times
    (1,205 since last reset)
  • The average score is 54 of 102

Answer Stats

HintAnswer% Correct
OSLOslo (Gardermoen)
93%
LHRLondon (Heathrow)
92%
CDGParis (Charles de Gaulle)
92%
AMSAmsterdam (Schiphol)
91%
CPHCopenhagen (Kastrup)
91%
HELHelsinki (Vantaa)
91%
ARNStockholm (Arlanda)
91%
DUBDublin
89%
MADMadrid (Barajas)
89%
FCORome (Leonardo da Vinci)
88%
BRUBrussels (National)
87%
BCNBarcelona (El Prat)
86%
EWRNewark (Liberty)
86%
WAWWarsaw (Frederic Chopin)
86%
FRAFrankfurt - am Maine
85%
ATHAthens (Eleftherios Venizelos)
84%
TXLBerlin (Tegel)
84%
HAMHamburg (Fuhlsbüttel)
84%
LINMilan (Linate)
84%
MXPMilan (Malpensa)
84%
MUCMunich (Franz Josef Strauss)
83%
ZRHZürich (Kloten)
83%
MANManchester (Ringway)
81%
SVOMoscow (Sheremetyevo)
79%
BUDBudapest (Ferenc Liszt)
78%
GOTGothenburg (Landvetter)
77%
NCENice (Côte d'Azur)
76%
PEKBeijing (Capital)
75%
PRGPrague (Ruzyně)
75%
DUSDüsseldorf (Lohausen)
74%
EDIEdinburgh (Turnhouse)
74%
NRTTokyo (Narita)
74%
VCEVenice (Marco Polo)
71%
BGOBergen (Flesland)
70%
KEFReykjavik (Keflavik)
70%
LUXLuxembourg (Findel)
68%
BKKBangkok (Suvarnabhumi)
67%
GVAGeneva (Cointrin)
67%
ORDChicago (O'Hare)
65%
LEDSaint Petersburg (Pulkovo)
65%
MMXMalmö
64%
SFOSan Francisco
62%
AALAalborg
61%
AARAarhus
61%
LYSLyon (Saint Exupery)
61%
IADWashington D.C. (Dulles)
61%
PVGShanghai (Pudong)
59%
BHXBirmingham
58%
PMIPalma de Mallorca
56%
OTPBucharest (Otopeni)
55%
TRDTrondheim
54%
ALCAlicante
52%
GDNGdansk (Lech Walesa)
51%
AGPMalaga
51%
TLVTel Aviv (Ben Gurion)
51%
DBVDubrovnik (Čilipi)
50%
SVGStavanger (Sola)
49%
FAOFaro
48%
TOSTromsø
48%
BLLBillund
47%
STRStuttgart (Echterdingen)
46%
VNOVilnius
46%
WROWroclaw (Copernicus)
42%
KTWKatowice (Pyrzowice)
41%
POZPoznan (Lawica)
41%
TRNTurin (Caselle)
40%
AYTAntalya
39%
TKUTurku
37%
UMEUmeå
37%
ABZAberdeen (Dyce)
36%
PMOPalermo (Falcone-Borsellino)
36%
BLQBologna (Guglielmo Marconi)
35%
LPAGran Canaria
35%
SPUSplit (Resnik)
35%
MLAMalta
32%
VBYVisby
32%
LLALuleå
31%
HAJHannover (Langenhagen)
30%
BOOBodø
28%
KRSKristiansand
27%
KRNKiruna
26%
SKGThessaloniki (Makedonia)
25%
AESÅlesund
22%
KKNKirkenes
20%
PRNPristina (Adem Jashari)
20%
OSDÅre-Östersund
19%
LYRLongyearbyen (Svalbard)
19%
EVEHarstad-Narvik
17%
HAUHaugesund
17%
KSUKristiansund
17%
MOLMolde
17%
GZPAlanya (Gazipaşa Airport)
16%
AGHÄngelholm-Helsingborg
16%
ALFAlta
15%
KGDKaliningrad (Khrabrovo)
15%
LCJLodz
15%
BDUBardufoss
13%
KLRKalmar
13%
SFTSkellefteå
12%
SDLSundsvall
12%
RNBRonneby
10%
PLQPalanga
9%

Score Distribution

Percentile by Number Answered

Percent of People with Each Score

Your Score History

You have not taken this quiz since the last reset